| 000 | 00609nam a2200217Ia 4500 | ||
|---|---|---|---|
| 005 | 20250508165201.0 | ||
| 008 | 008 250505s9999 xx 000 0 eng d | ||
| 020 | _a0-415-95149-6 | ||
| 037 | _aTextBook | ||
| 040 |
_aFEDL _beng _cFEDL |
||
| 041 |
_aeng _2eng |
||
| 084 |
_a370.115, GIR/R _qFEDL |
||
| 100 |
_aGiroux Henry A _9141269 |
||
| 245 | 0 | _aBorder crossings: Cultural workers and the politics of education | |
| 250 | _a2 | ||
| 260 |
_aLondon, UK _bRoutledge _c2005 |
||
| 300 | _aix, 263p. | ||
| 365 |
_aGBP _b28.99 |
||
| 942 |
_cTB _h370.115, GIR/R |
||
| 999 |
_c1393639 _d1393639 |
||